00798nam a2200193 a 450000100100000000500170001000800410002704000130006808200150008110000390009624501170013526000880025230000280034050000630036870000370043114900090046895201120047799900150058900000474420200929151508.0090725s1979 dr a r 000 0 spa d aDO-SdBNP axxxbR666m1 aRobiou Lamarche, Sebastián9966910aManifiesto ovni de Puerto Rico, Santo Domingo y Cuba /cSebastián Robiou Lamarche ; J. Allen Hynek, prólogo. aSan Juan, Puerto Rico :bEditorial Punto y Coma,c1979eSanto DomingofAlfa y Omega a526 p. :bil. ;c23 cm. aIncluye datos biográficos del autor en la contracubierta1 aHynek, J. Allen,epról.913795 aBNPD 0010718PDaPDbPDcCTd2009-07-25iLF1l0oxxx R666mp4744-10r2020-06-25w2020-06-25yLFPDZNo se presta c4550d4550